Датчики. Устройство и применение: пер. с нем.

Bibliographic Details
Main Author: Виглеб Г. Герхард
Language:Russian
Published: Москва, Мир, 1989
Subjects:
Format: Book
KOHA link:https://koha.lib.tpu.ru/cgi-bin/koha/opac-detail.pl?biblionumber=73443

MARC

LEADER 00000nam0a2200000 4500
001 73443
005 20231031084359.0
010 |a 5030006346 
035 |a (RuTPU)RU\TPU\book\78370 
090 |a 73443 
100 |a 20050216d1989 m y0rusy50 ca 
101 1 |a rus  |c ger 
102 |a RU 
105 |a a z 001zy 
200 1 |a Датчики. Устройство и применение  |e пер. с нем.  |f Г. Виглеб 
210 |a Москва  |c Мир  |d 1989 
215 |a 196 с.  |c ил. 
320 |a Литература: с. 189-191 
610 1 |a датчики 
610 1 |a устройство 
610 1 |a применение 
610 1 |a конструкции 
675 |a 681.586  |v 3 
700 1 |a Виглеб  |b Г.  |g Герхард 
801 1 |a RU  |b 63413507  |c 20050216  |g PSBO 
942 |c BK